| 000 | 01264nam a22002897a 4500 | ||
|---|---|---|---|
| 999 |
_c64514 _d64514 |
||
| 005 | 20240530110735.0 | ||
| 008 | 180715s2006 ua g b 000 0 ara d | ||
| 017 |
_a2006/21732 _bمصر. دار الكتب |
||
| 020 | _a9774370864 | ||
| 040 |
_aEG-CaGPL _cEG-CaGPL |
||
| 082 | 0 | 4 |
_221 _a150.956 / _bر ع |
| 245 | 0 | 0 |
_aعلم النفس فى البلاد العربية / _cتحرير رمضان عبدالستار احمد، اوفه ب. جيلين ؛ ترجمة رمضان عبدالستار احمد ؛ تقديم جوريس جى. دراجونز |
| 250 | _aط. 1 | ||
| 260 |
_aالقاهرة : _bالمجلس الاعلى للثقافة، _c2006. |
||
| 300 |
_a839 ص. ؛ _c24 سم. |
||
| 490 | 0 |
_aالمشروع القومى للترجمة ؛ _v1054. |
|
| 504 | _aيشتمل على ارجاعات ببليوجرافية | ||
| 650 | 0 | 7 |
_2qrmak _aالتحليل النفسى |
| 650 | 0 | 7 |
_2qrmak _aعلم النفس |
| 650 | 0 | 7 |
_2qrmak _aالعلاج النفسى |
| 651 | _2qrmak | ||
| 700 | 0 |
_aرمضان عبدالستار احمد _eمحرر ومترجم |
|
| 700 | 1 |
_aجيلين، اوفه ب. _eمحرر مشارك |
|
| 700 | 1 |
_aدراجونز، جوريس جى. _eمقدم |
|
| 942 |
_2ddc _cBK |
||